000 00215 a2200097 4500
001 881
100 _aHuxley,L,G,H
245 _aPrinciples and practice of wave guide
260 _a
_bCambridge
_c
090 _c472
_d472
942 _aNUST-CAE
_cM
_c31067
999 _c235954
_d235954